Obálka Náhled e-knihy:
Epub
Pro půjčování e-knih musíte být přihlášeni.
Jak si půjčit online?

Pírko /

Uloženo v:
Hlavní autor: Narmoria, (Autor)
Médium: E-kniha
Jazyk:Czech
Vydáno: Praha : Albatros Media a.s., 2009
Tagy:
Žádné tagy
LEADER 00829nam a22002177i 4500
001 306429
007 ta
008 260601s2009 xr ||||| |||| 00| 0 cze d
020 |a 9990000065776 
044 |a xr 
100 1 |a  Narmoria,   |4 aut 
245 1 0 |a Pírko /  |c  Narmoria,  
264 1 |a Praha :  |b Albatros Media a.s.,  |c 2009 
300 |a 1 online zdroj 
336 |a text  |b txt  |2 rdacontent 
337 |a bez média  |b n  |2 rdamedia 
338 |a online zdroj  |b cr  |2 rdacarrier 
910 |a RBIT002 
998 |d 6577  |a https://core.palmknihy.cz/api/books/6577/cover?k4jsl4  |b https://core.palmknihy.cz/api/books/6577/cover/400?g8u44k  |c https://core.palmknihy.cz/api/books/6577/cover/50?bk1sr6  |e   |i 9990000065776  |j https://core.palmknihy.cz/api/books/6577/preview.epub  |l   |q 0  |r 1  |s https://www.palmknihy.cz/kniha/6577  |t ebook  |y 2009  |z 1 
999 |d 306427